书目信息 |
| 题名: |
能力素质教育
|
|
| 作者: | ;国家教委中国新一代杂志社 编 | |
| 分册: | ||
| 出版信息: | 北京 时事出版社 1996 |
|
| 页数: | 136页 | |
| 开本: | 19cm | |
| 丛书名: | 素质教育理论丛书 | |
| 单 册: | ||
| 中图分类: | G844.2 , G305 | |
| 科图分类: | ||
| 主题词: | 青少年心理学--创造力--培养 , 青少年心理学 , 创造力 | |
| 电子资源: | ||
| ISBN: | 7-80009-365-4 | |
| 000 | 00800oam2 2200265 450 | |
| 001 | 1553367017 | |
| 005 | 20150203145034.96 | |
| 010 | @a7-80009-365-4@dCNY7.50,CNY90.00(全套) | |
| 100 | @a19971211d1996 em y0chiy0110 ea | |
| 101 | 0 | @achi |
| 102 | @aCN@b110000 | |
| 105 | @ay z 000yy | |
| 200 | 1 | @a能力素质教育@9neng li su zhi jiao yu@f国家教委《中国新一代》杂志社编 |
| 210 | @a北京@c时事出版社@d1996 | |
| 215 | @a136页@d19cm | |
| 225 | 2 | @a素质教育理论丛书@v7 |
| 461 | 0 | @12001 @a素质教育理论丛书 |
| 606 | 0 | @a青少年心理学@x创造力@x培养 |
| 606 | 0 | @a青少年心理学 |
| 606 | 0 | @a创造力 |
| 690 | @aG844.2@v5 | |
| 690 | @aG305@v5 | |
| 711 | 02 | @a国家教委中国新一代杂志社@9guo jia jiao wei zhong guo xin yi dai za zhi she@4编 |
| 801 | 0 | @aCN@bTSSF@c20150203 |
| 905 | @aZUCC@dG844.2@eJY1 | |
| 能力素质教育/国家教委《中国新一代》杂志社编.-北京:时事出版社,1996 |
| 136页;19cm.-(素质教育理论丛书;7) |
| ISBN 7-80009-365-4:CNY7.50,CNY90.00(全套) |
| ● |
| 相关链接 |
|
|
|
|
正题名:能力素质教育
索取号:G844.2/JY1
 
预约/预借
| 序号 | 登录号 | 条形码 | 馆藏地/架位号 | 状态 | 备注 |
| 1 | 7865249 | 278652496 | 学院路分馆/ [索取号:G844.2/JY1] | 在馆 |